| 000 | 01189nam0a22003131 4500 | ||
|---|---|---|---|
| 001 | RU\NLR\INFOCOMM_190\5000060995 | ||
| 005 | 20250613094439.0 | ||
| 010 |
_911325 экз. _a5-01-002230-3 |
||
| 035 | _a(NLR Aleph) 009262693 | ||
| 090 |
_a9053059 _c9053059 |
||
| 100 | _a20100812d1989 |||y0rusy50 ca | ||
| 101 | 1 |
_afre _crus |
|
| 102 |
_aRU _aCU |
||
| 105 | _ay ||||000|y | ||
| 200 | 1 |
_aDenis Diderot _e[La vie et l'œuvre] _fTamara B. Dlúgach _g[Trad. del ruso: Féliz de la Uz Pérez] |
|
| 210 |
_aΜ. _aLa Habana _cProgreso _cEd. de ciencias sociales _d1989 (Cop. 1990) |
||
| 215 |
_a229 с. _d16 см |
||
| 225 | 1 | _aEdiciones polit. | |
| 300 | _aВ вып. дан.: Дени Дидро: Науч. моногр. / Длугач Тамара Борисовна | ||
| 320 | _aБиблиогр.: с. 227-228 | ||
| 686 |
_aЮ3(4Фр)5-535.111 _2rubbk |
||
| 700 | 1 |
_9z01790 _aDlugač _bT. B. _f1935- _gTamara Borisovna _4070 |
|
| 702 | 1 |
_4070 _7ba _8fre _aDiderot _bD. _f1713-1784 _gDenis _9213897 _3RU\NLR\AUTH\770213953 |
|
| 790 | 1 |
_9z01700 _aDlúgach _bT. B. _gTamara B. _4070 |
|
| 801 | 1 |
_aRU _bNLR _c20100812 |
|
| 801 | 0 |
_aRU _bNLR _gPSBO |
|
| 852 |
_aNLR _jФ31 Д-1/19 |
||
| 942 | _cBOOK | ||
| 980 | _aNB | ||